000 01140camaa2200313M 4500
001 94430
005 20230410142347.0
008 900725s1966 sp 000 0 spa d
035 _a(OCoLC)ocn431708148
040 _aBNM
_bspa
_cBNM
016 7 _abimoBNE19971854884
_2SpMaBN
017 _aBI 1560-1966
035 _a(OCoLC)431708148
050 1 4 _aBX 830
_bC744 1966
082 0 0 _a262.52
049 _aGRAL
245 1 3 _aEl Concilio ecuménico Vaticano II /
_cEdición de "L'Osservatore della Dominica" preparada por el cuerpo de redactores del órgano Vaticano con la colaboración de... Padres conciliares.
246 3 _aConcilio ecumenico vaticano 2
260 _aBilbao :
_bEdiciones Paulinas,
_c1966.
300 _a754 p., 7 h.
_blám.
_c23 cm.
611 2 0 _aVatican Council
_n(2nd :
_d1962-1965 :
_cBasilica di San Pietro in Vaticano)
_xHistory.
610 2 0 _aCatholic Church
_xDoctrines
_xHistory
_y20th century.
611 2 4 _aConcilio Vaticano (II (1962-1965).
650 4 _aConcilios y sínodos ecuménicos.
650 4 _aPrimera Jornada de Catalogacion.
942 _2lcc
_cbk
946 _amjcruz
994 _aC0
_bDRFGD
999 _c94252
_d94252